All Flo Milli Songs - Statistics

General Stats
  • This quiz has been taken 58 times
    24 since last reset
  • The average score is 21 of 41
Answer Stats
Album Song % Correct
Single #11 Never Lose Me
85%
You Still Here, Ho? Conceited
80%
Single #3 Conceited
80%
Ho, Why Is You Here? In the Party
80%
Ho, Why Is You Here? Like That B***h
65%
Ho, Why Is You Here? Weak
65%
You Still Here, Ho? Bed Time
60%
Ho, Why Is You Here? Beef FloMix
60%
You Still Here, Ho? Big Steppa
60%
Ho, Why Is You Here? Not Friendly
60%
Ho, Why Is You Here? 19
55%
Ho, Why Is You Here? Mood Everyday (Intro)
55%
You Still Here, Ho? No Face
55%
You Still Here, Ho? Pay Day
55%
You Still Here, Ho? PBC
55%
Ho, Why Is You Here? Pussycat Doll
55%
You Still Here, Ho? Roaring 20s
55%
Ho, Why Is You Here? Scuse Me
55%
Single #8 Chocolate Rain
50%
You Still Here, Ho? Come Outside
50%
You Still Here, Ho? Do It Better
50%
You Still Here, Ho? F.N.G.M.
50%
Single #7 Fruit Loop
50%
You Still Here, Ho? Hottie
50%
You Still Here, Ho? Intro HBIC (Tiffany Pollard Speaks)
50%
Ho, Why Is You Here? May I
50%
Single #4 Nasty Dancer
50%
Ho, Why Is You Here? Pockets Bigger
50%
You Still Here, Ho? Pretty Girls
50%
You Still Here, Ho? Tilted Halo
50%
Single #10 BGC
45%
You Still Here, Ho? Ice Baby
45%
Single My Attitude
45%
You Still Here, Ho? On My Nerves
45%
Ho, Why Is You Here? Send the Addy
40%
Single #5 Anything Flows
30%
You Still Here, Ho? Outro I Love New York
30%
Single #9 Big Mad
25%
Bruised (Soundtrack from and Inspired by the Netflix Film) Blast Off
25%
Single #2 Eat It Up
25%
Single #6 Flo the Whistle
10%
No matching quizzes found
Score Distribution
Percent of People with Each Score
Percentile by Number Answered
Your Score History
You have not taken this quiz since the last reset